000 00301nam a22001337a 4500
008 181012b xxu||||| |||| 00| 0 eng d
020 _a9780781736398
041 _aeng
080 _25th
_a611
100 _a6
101 _aANA
245 _aClinically Oriented Anatomy
_cMoore, K.L
942 _2udc
_cBK
999 _c49514
_d49514